01358nam a2200301 a 45000010005000000030010000050050017000150080041000320200019000730400025000920800027001170900026001441000025001702450206001952500013004012600035004143000020004494900031004695000212005005000055007126500036007676500027008036500037008308300031008679420012008989520131009109990015010411383BR-CuiBMT20231206193010.0231107s2016 spb 001 0 por d a97885432098837 aBR-CuiBMTcBR-CuiBMT a347.91/.95x(81)22007 a347.91/.95(81)bH835c10aHouck Filho, Geraldo10aCódigo civil, Código de processo civil, Constituição Federal :bdecreto-Lei nº 4.657, de 4 de setembro de 1942 : lei de introdução às normas do direito brasileiro /cGeraldo Houck Filho. a[1. ed.] aSão Paulo :bOn Line,c2016. a431 p. ;c21 cm1 aBiblioteca jurídica ;v4 aCódigo civil (Lei nº 10.406, de 10/01/2002). Código de processo civil (Lei nº 13.105, de 16.03.2015). Constituição Federal (atualizada, incluindo a edição da emenda constitucional nº 91/2016). aEdição atualizada até 22 de março de 2016. aCódigo processo civilzBrasil aCódigo civilzBrasil aConstituição FederalzBrasil aBiblioteca jurídica ;v4 2udccLV 00102udc4070aBIBTCEMTbBIBTCEMTd2023-12-06l0o347.91/.95 (81) H835cpBIBTCEMT23120263r2023-12-06tEx. 1w2023-12-06yLV c1383d1383